| 000 | 01002cam a2200241 4500 | ||
|---|---|---|---|
| 008 | 020517n2001 000 0 eng u | ||
| 020 | _a0862974623 | ||
| 035 | _a(Sirsi) u118018 | ||
| 041 | _aeng. | ||
| 050 | _a306.11 | ||
| 100 | _aLarkin, A. | ||
| 245 | _aStrategies for asset management | ||
| 260 |
_aLondon _bNHF _c2001 |
||
| 300 |
_aiv, 23p. _c31cm. |
||
| 350 | _a17.50 | ||
| 520 | _aAims to help social housing providers develop a more sophisticated approach to asset management, balancing the needs of existing and future tenants and communities with a strategic appraisal of their housing stock. Uses case studies to describe the range of approaches currently in use within the sector. Guides registered social landlords through stock condition assessment and programme planning. | ||
| 650 | _aREGISTERED SOCIAL LANDLORDS | ||
| 650 | _aASSET MANAGEMENT | ||
| 650 | _aSTOCK CONDITION SURVEYS | ||
| 650 | _aHOUSING MANAGEMENT | ||
| 690 |
_aAffordable housing _96215 |
||
| 942 | _n0 | ||
| 999 |
_c102086 _d102086 |
||